| 000 | 00947nam0a22002531 4500 | ||
|---|---|---|---|
| 001 | rc\254685 | ||
| 005 | 20250621021102.0 | ||
| 010 |
_a5-308-00815-9 _9100000 |
||
| 035 | _a(NLR Aleph) 005517319 | ||
| 090 |
_a5470675 _c5470675 |
||
| 100 | _a20030307d1990 |||y0rusy50 ca | ||
| 101 | 0 | _arus | |
| 102 | _aRU | ||
| 105 | _aa ||||||||| | ||
| 200 | 1 |
_aПетербург _eРоман в 8 гл. с прологом и эпилогом _fАндрей Белый _g[Подгот. текста и ст. Л.К. Долгополова _gПримеч. С.С. Гречишкина и др. _gПортр. худож. В.С. Василенко] |
|
| 210 |
_aКиев _cДнипро _d1990 |
||
| 215 |
_a598, [1] с. _cил. _d21 |
||
| 320 | _aБиблиогр. в примеч.: с. 531-598 | ||
| 700 | 1 |
_aБелый _bА. _f1880-1934 _gАндрей |
|
| 801 | 0 |
_aRU _bNLR _gpsbo |
|
| 801 | 1 |
_aRU _bELAR _2rusmarc |
|
| 852 |
_aNLR _j90-3/2494 |
||
| 942 | _cBOOK | ||
| 980 | _aNB | ||